Представление документа в формате RUSMARC

ПолеНазваниеЗначение
  Тип записи a
  Библиографический уровень m
001 Контрольный номер UONB/MAIN/a735acbfdd7c41c8bfcf2a904f79c870
005 Дата корректировки 20250522122932.0
010 Индекс ISBN __
a ISBN 978-5-4444-2251-9
b Уточнения в пер.
d Цена 150 р.
9 Тираж 3000 экз.
100 Данные общей обработки __
a Данные общей обработки 20220405d2014 u y0rusy0189 ca
101 Язык документа 0_
a Язык текста rus
102 Страна публикации __
a Страна публикации RU
105 Кодированные данные (монография) __
a Кодированные данные (монография) y z 000ay
200 Заглавие и сведения об ответственности 1_
a Заглавие Принимая во внимание
f Первые сведения об ответственности С. Рем
e Сведения, относящиеся к заглавию роман
210 Выходные данные 1_
a Место издания Москва
c Издательство Вече
d Дата издания 2014
215 Физическое описание __
a Объем 383 с.
d Формат 21 см
225 Серия 1_
a Серия Секретный фарватер
333 Примечание о целевом назначении __
a Примечание о целевом назначении 12+
606 Тематические рубрики 0_
a Основная рубрика Проза (х. л.)
610 Ключевые слова 0_
a Ключевые слова проза военная русская; секретный фарватер
686 Индексы других классификаций __
a Классификационный индекс 84Р2-42
2 Код системы rubbk
700 Автор _1
a Фамилия Рем
b Имя (инициалы) С.
g Полное личное имя Станислав
801 Источник записи _0
a Страна RU
b Организация Ульяновская ОНБ
c Дата составления 20220405
g Правила каталогизации RCR
801 Источник записи _1
a Страна RU
b Организация Ульяновская ОНБ
c Дата составления 20220405
g Правила каталогизации RCR
901 Тип документа __
t Тип документа m
909 Создатель записи __
a Создатель записи Горбункова
b Дата создания записи 20220511